[Event "Fortaleza Schoonenborch op 10th"]
[Site "Fortaleza"]
[Date "2024.02.17"]
[Round "3"]
[White "Ortiz Acuna, Miguel Angel"]
[Black "Ferreira Filho, Joao Bosco Filgue"]
[Result "0-1"]
[WhiteElo "1509"]
[BlackElo "1735"]
[PlyCount "72"]
[EventDate "2024.02.15"]
[EventType "swiss"]
[EventRounds "6"]
[EventCountry "BRA"]
[SourceTitle "CB08_2024"]
[SourceDate "2024.02.21"]
[SourceVersion "1"]
[SourceVersionDate "2024.02.21"]
[SourceQuality "1"]

1. d4 Nf6 2. Nf3 e6 3. c4 Bb4+ 4. Bd2 Be7 5. Nc3 d5 6. e3 0-0 7. Bd3 Nbd7 8. 0-0 dxc4 9. Bxc4 c5 10. Re1 b6 11. Rc1 Bb7 12. Bb3 cxd4 13. exd4 Rc8 14. Qe2 Bd6 15. Bg5 Bb8 16. g3 h6 17. Bd2 Ba8 18. d5 exd5 19. Nd4 Nc5 20. Bc2 Nce4 21. f3 Nxd2 22. Qxd2 Re8 23. Kg2 Be5 24. Nce2 Rc7 25. Qd3 g6 26. Qd2 Kg7 27. Ba4 Bxd4 28. Bxe8 Nxe8 29. Qxd4+ Nf6 30. Rxc7 Qxc7 31. Nc3 Qd7 32. Re5 Bb7 33. f4 Bc8 34. Nxd5 Bb7 35. Kg1 Bxd5 36. Rxd5 Qxd5 0-1

[Event "Managua Gomez Argenal Memorial 19th"]
[Site "Managua"]
[Date "2019.06.15"]
[Round "7"]
[White "Martinez Romero, Luis"]
[Black "Ortiz Acuna, Miguel Angel"]
[Result "1-0"]
[WhiteElo "1753"]
[BlackElo "1492"]
[PlyCount "45"]
[EventDate "2019.06.16"]
[EventType "swiss"]
[EventRounds "9"]
[EventCountry "NCA"]
[SourceTitle "EXT 2020"]
[Source "ChessBase"]
[SourceDate "2019.10.17"]
[SourceVersion "1"]
[SourceVersionDate "2019.10.17"]
[SourceQuality "1"]

1. e4 e5 2. Nf3 Nc6 3. Bb5 a6 4. Ba4 Nf6 5. d3 b5 6. Bb3 d6 7. c3 Be7 8. 0-0 Bg4 9. Re1 Na5 10. Bc2 c5 11. Nbd2 Nc6 12. Nf1 Qd7 13. Ng3 0-0 14. h3 Be6 15. Kh2 h6 16. Nh4 Rfd8 17. Ngf5 Rac8 18. Nxe7+ Nxe7 19. Qf3 Nh7 20. Be3 f5 21. exf5 Nxf5 22. Nxf5 Bxf5 23. Bb3+ 1-0

[Event "Managua Gomez Argenal Memorial 19th"]
[Site "Managua"]
[Date "2019.06.09"]
[Round "5"]
[White "Gomez Baltodano, David"]
[Black "Ortiz Acuna, Miguel Angel"]
[Result "1-0"]
[WhiteElo "1850"]
[BlackElo "1492"]
[PlyCount "145"]
[EventDate "2019.06.16"]
[EventType "swiss"]
[EventRounds "9"]
[EventCountry "NCA"]
[SourceTitle "EXT 2020"]
[Source "ChessBase"]
[SourceDate "2019.10.17"]
[SourceVersion "1"]
[SourceVersionDate "2019.10.17"]
[SourceQuality "1"]

1. d4 Nf6 2. c4 e6 3. Nc3 Bb4 4. Bd2 0-0 5. e3 c5 6. dxc5 Bxc3 7. Bxc3 Na6 8. b4 Ne4 9. Qd4 Nxc3 10. Qxc3 b6 11. cxb6 Qxb6 12. a3 Bb7 13. Nf3 Rac8 14. Be2 d6 15. 0-0 Nc7 16. Qd4 e5 17. Qxb6 axb6 18. Rad1 Rfd8 19. Rd2 Ne8 20. Rfd1 f6 21. Ne1 Kf8 22. f3 Ke7 23. e4 Nc7 24. Nc2 Ne6 25. Bf1 Bc6 26. b5 Bb7 27. g3 Nc5 28. Ne3 g6 29. Ra2 Ra8 30. Bd3 Ra5 31. Bc2 Rda8 32. Rda1 Ne6 33. a4 Nd4 34. Bd1 Rc8 35. Kf2 Ke6 36. Ra3 Rc5 37. Be2 f5 38. Bd3 Kf6 39. R1a2 h5 40. h4 f4 41. gxf4 exf4 42. Ng2 Ne6 43. Bf1 Ke5 44. Rd2 Rc7 45. Ne1 Nc5 46. Nd3+ Nxd3+ 47. Bxd3 Bc8 48. Be2 Be6 49. Rdd3 Rd7 50. Bd1 Raa7 51. Bb3 Rac7 52. Rd4 Rc5 53. Ke2 Rcc7 54. Kd3 Rc5 55. Ra2 Rdc7 56. Rc2 Re7 57. Rg2 Kf6 58. Kc3 Bf7 59. Kb4 Ke5 60. Rdd2 Ra7 61. Rg5+ Ke6 62. Rgd5 Rxd5 63. Rxd5 Ke7 64. Rg5 Kf6 65. Bc2 Rc7 66. Bd3 Ra7 67. a5 Rxa5 68. c5 dxc5+ 69. Rxc5 bxc5+ 70. Kxa5 c4 71. Bxc4 Bxc4 72. b6 Be2 73. b7 1-0